Famous Artists by Their Artworks - Statistics

General Stats
  • This quiz has been taken 70 times
    57 since last reset
  • The average score is 30 of 92
Answer Stats
Picture Answer % Correct
Vincent van Gogh
97%
Andy Warhol
89%
Frida Kahlo
86%
Claude Monet
83%
Rembrandt van Rijn
83%
Gustav Klimt
77%
Salvador Dali
77%
Banksy
74%
Johannes Vermeer
69%
Raphael
66%
Sandro Botticelli
66%
Grant Wood
60%
Mark Rothko
60%
Michelangelo
60%
Rene Magritte
60%
Auguste Rodin
57%
Francisco Goya
57%
Georges Seurat
57%
Hieronymus Bosch
57%
Roy Lichtenstein
54%
Edward Hopper
51%
Jackson Pollock
51%
Leonardo da Vinci
51%
Piet Mondrian
51%
Wassily Kandinsky
51%
Eugene Delacroix
46%
Katsushika Hokusai
46%
Pablo Picasso
46%
Edvard Munch
43%
Frank Lloyd Wright
43%
James Abbott McNeill Whistler
43%
Pierre-Auguste Renoir
43%
Edouard Manet
40%
Paul Gauguin
40%
Antoni Gaudi
34%
Georgia O'Keeffe
34%
Henri Rousseau
34%
Jacques-Louis David
34%
Keith Haring
34%
David Hockney
31%
J.M.W. Turner
31%
John Constable
31%
Marcel Duchamp
31%
Pieter Bruegel the Elder
31%
Edgar Degas
29%
Henri Matisse
29%
Jean-Michel Basquiat
29%
Joan Miro
29%
Jan van Eyck
26%
Paul Cezanne
26%
Peter Paul Rubens
26%
Franz Marc
23%
Jean-Honore Fragonard
23%
Man Ray
23%
Norman Rockwell
23%
Andrew Wyeth
20%
Caravaggio
20%
Diego Velazquez
20%
Jeff Koons
20%
Marc Chagall
20%
Amedeo Modigliani
17%
Ansel Adams
17%
Gian Lorenzo Bernini
17%
Henri Toulouse-Lautrec
17%
Mary Cassatt
17%
Theodore Gericault
17%
Damien Hirst
14%
Jasper Johns
14%
Caspar David Friedrich
11%
El Greco
11%
Winslow Homer
11%
Albrecht Durer
9%
Diego Rivera
9%
Frans Hals
9%
Alexander Calder
6%
Claes Oldenburg
6%
Élisabeth Vigée Le Brun
6%
Paul Klee
6%
Takashi Murakami
6%
Yayoi Kusama
6%
Annie Leibovitz
3%
Artemisia Gentileschi
3%
Dorothea Lange
3%
Giorgio De Chirico
3%
Tamara de Lempicka
3%
Ai Weiwei
0%
Alphonse Mucha
0%
Christo and Jeanne-Claude
0%
Joshua Reynolds
0%
Max Ernst
0%
Thomas Cole
0%
Thomas Hart Benton
0%
No matching quizzes found
Score Distribution
Percent of People with Each Score
Percentile by Number Answered
Your Score History
You have not taken this quiz since the last reset